000 08416nam a22006857a 4500
008 090120t xxu||||| |||| 00| 0 eng d
010 _aB-331895-931
020 _c120.00
_a9788183853781
035 _aB-331895-931
037 _bSuper Books
040 _aDPL
_bEnglish
082 _a595.754
100 _aDhiman, Sanjay
245 _aBugs world /
_cby Sanjay Dhiman ; edited by Eman Chowdhary
260 _aNoida
_bBrijbasi Art Press Ltd.
_c2007
270 _aA-81, Sector V,
_bNoida
_e201 301
300 _a46p.
_c29cm. (Hb)
_bill.
490 _aAmazing Animal World Series
650 _aHeteroptera
700 _aChowdhary, Eman
942 _2ddc
_cCH
_h595.754
_mDHI
999 _c22257
_d22257